<?xml version="1.0" encoding="UTF-8"?>
<record
    xmlns:xsi="http://www.w3.org/2001/XMLSchema-instance"
    xsi:schemaLocation="http://www.loc.gov/MARC21/slim http://www.loc.gov/standards/marcxml/schema/MARC21slim.xsd"
    xmlns="http://www.loc.gov/MARC21/slim">

  <leader>01795    a2200229   4500</leader>
  <controlfield tag="001">21688</controlfield>
  <controlfield tag="005">20260407155507.0</controlfield>
  <controlfield tag="008">260407a2005    arg                 spa d</controlfield>
  <controlfield tag="003">AR-UNSa-BCEJYS</controlfield>
  <datafield tag="040" ind1=" " ind2=" ">
    <subfield code="a">AR-UNSa-BCEJYS</subfield>
    <subfield code="b">spa</subfield>
    <subfield code="c">AR-UNSa-BCEJYS</subfield>
  </datafield>
  <datafield tag="080" ind1=" " ind2=" ">
    <subfield code="a">336.226.3</subfield>
    <subfield code="x">Impuestos por el uso de los ingresos. Impuestos al consumo. IVA</subfield>
  </datafield>
  <datafield tag="245" ind1="1" ind2="0">
    <subfield code="a">Ley del impuesto al valor agregado</subfield>
  </datafield>
  <datafield tag="020" ind1=" " ind2=" ">
    <subfield code="a">987-03-0728-5</subfield>
  </datafield>
  <datafield tag="264" ind1=" " ind2="1">
    <subfield code="a">Buenos Aires :</subfield>
    <subfield code="b">La Ley</subfield>
    <subfield code="c">2005</subfield>
  </datafield>
  <datafield tag="300" ind1=" " ind2=" ">
    <subfield code="a">xxx, 793 p.</subfield>
    <subfield code="c">24 cm.</subfield>
  </datafield>
  <datafield tag="505" ind1=" " ind2=" ">
    <subfield code="a">1. Sumario introducci&#xF3;n - 2. Sumario Art.1 - 3. Sumario Art.2 - 4. Sumario Art.3 - 5. Sumario Art.4 - 6. Sumario Art.5 - 7. Sumario Art.6 - 8. Sumario Art.7- 9. Sumario Art.7+1 - 10. Sumario Art.8- 11. Sumario Art.9 - 12. Sumario Art.10- 13.  Sumario Art.11 - 14. Sumario Art.12 - 15. Sumario Art.13 - 16.  Sumario Art.15 - 17. Sumario Art.16 - 18. Sumario Art.17 - 19.  Sumario Art.18 - 20. Sumario Art.19 - 21. Sumario Art.22 - 22.  Sumario Art.23- 23. Sumario Art.23 - 24. Sumario Art.24 - 25. Sumario Art.24+1- 26. Sumario Art.25 - 27. Sumario Art.26 - 28. Sumario Art.26+1 - 29. Sumario Art.27 - 30. Sumario Art.28 - 31. Sumario Art.36 - 32. Sumario Art.37 - 33. Sumario Art.39 - 34. Sumario Art.40 - 35. Sumario Art.41 - 36. Sumario Art.42 - 37. Sumario Art. 43 - 38. Sumario Art. 43+1 - 39. Sumario Art. 45 - 40. Sumario Art.46 - 41. Sumario Art.47 - 42. Sumario Art.48 - 43. Sumario Art.50 - 44. Sumario Art.50+1 - 45. Sumario Art.51 - 46. Sumario Art.52 - 47. Sumario Art.53 - 48. Sumario Art.54 - 49. Sumario Art.54 +1.             </subfield>
  </datafield>
  <datafield tag="041" ind1=" " ind2=" ">
    <subfield code="a">spa</subfield>
  </datafield>
  <datafield tag="942" ind1=" " ind2=" ">
    <subfield code="c">BK</subfield>
  </datafield>
  <datafield tag="590" ind1=" " ind2=" ">
    <subfield code="a">niveau_biblio:m niveau_hierar:0</subfield>
  </datafield>
  <datafield tag="100" ind1="1" ind2=" ">
    <subfield code="a">Oklander, Juan</subfield>
  </datafield>
  <datafield tag="856" ind1="4" ind2="1">
    <subfield code="u">https://biblioeco.unsa.edu.ar/pmb/images/libros/Ley del Impuesto al Valor Agregado.jpg</subfield>
    <subfield code="y">Imagen de portada</subfield>
    <subfield code="q">image/jpeg</subfield>
  </datafield>
  <datafield tag="999" ind1=" " ind2=" ">
    <subfield code="c">846</subfield>
    <subfield code="d">846</subfield>
  </datafield>
  <datafield tag="952" ind1=" " ind2=" ">
    <subfield code="0">0</subfield>
    <subfield code="1">0</subfield>
    <subfield code="4">0</subfield>
    <subfield code="7">0</subfield>
    <subfield code="a">BCEJYS</subfield>
    <subfield code="b">BCEJYS</subfield>
    <subfield code="c">16</subfield>
    <subfield code="d">2026-04-07</subfield>
    <subfield code="l">0</subfield>
    <subfield code="o">P336.226.3 O41</subfield>
    <subfield code="p">L119523</subfield>
    <subfield code="r">2026-04-07 15:55:07</subfield>
    <subfield code="w">2026-04-07</subfield>
    <subfield code="y">L</subfield>
  </datafield>
</record>
